| 000 | 00772nam a2200217 i 4500 | ||
|---|---|---|---|
| 001 | 154144 | ||
| 003 | ES-MaACL | ||
| 005 | 20250428063006.0 | ||
| 008 | 050908m18901905fr | |||||||| ||fre d | ||
| 040 |
_aCAM _bspa _cCAM |
||
| 100 | 1 |
_aFrance, Anatole, _d1844-1924 _9240108 |
|
| 245 | 1 | 0 |
_aBalthasar / _cpar Anatole France. |
| 250 | _a[17e éd.]. | ||
| 260 |
_aParis : _bCalmann-Lévy éditeurs, _c[s.n.] ( _eLagny : _fEmile Colin) |
||
| 300 |
_a293 p. ; _c18 cm. |
||
| 594 | _aAnatole France es seudónimo de Jacques Anatole Thibault. | ||
| 595 | _aLa mención de ed. consta en la cub. original. | ||
| 596 | _aProbablemente impreso entre 1890 y 1905. | ||
| 852 |
_aES-MaACL _jB-2724 _z-- Enc. hol. conservando la cub. original |
||
| 999 |
_c154144 _d154144 |
||